LEADER 01581nam a2200313 u 4500 001 000000055192 003 CaOOAMICUS 005 20070226115746.0 008 010118s2000 gau u000 u eng u 020 $a0884140172 035 $a10865784 040 $aPUL$bita 100 1 $aMolinari, Andrea Lorenzo,$d1967-$0(OLS)http://pul/name/38913 245 14$aThe Acts of Peter and the Twelve Apostles (NHC 6.1) :$ballegory, ascent, and ministry in the wake of the decian persecution /$cAndrea Lorenzo Molinari. 260 $aAtlanta :$bSociety of Biblical Literature,$cc2000. 300 $axxv, 264 p. ;$c25 cm 490 1 $aSociety of Biblical Literature. Dissertation series ;$v174 504 $a"Bibliography": p. 241-264. 630 04$aBiblia.$pN.T.$pActus apostolorum.$0(OLS)http://pul/subject/8256 630 04$aBiblia.$pN.T.$pPetri I-II.$0(OLS)http://pul/subject/8257 710 2 $aSociety of Biblical Literature.$0(OLS)http://pul/name/13666 830 0$aDissertation series (Society of Biblical Literature) ;$v174.$0(OLS)http://pul/title/21195 850 $aPUL 852 $aPUL$W1$xSL Religione 1$y3$m5 Q 174$j72623$nBK-PRI$b $qStampati$B72623$CPULBib$Z2$F72623 $H $81 941 1 $a8 961 $aINV: 83113 996 $6020$a0884140172$9(OLS)http://pul/number/69435 996 $6245$aThe Acts of Peter and the Twelve Apostles (NHC 6.1) :$ballegory, ascent, and ministry in the wake of the decian persecution$9(OLS)http://pul/title/73935 996 $6260$aAtlanta :$bSociety of Biblical Literature$9(OLS)http://pul/publisher/68936 LEADER 01840nam a2200397 a 4500 001 000000175801 003 CaOOAMICUS 005 20230228120857.0 008 230228m20169999gw c u000 u ger r 020 $a978-3-451-38814-9 (v. 3)* 032 $aLibriCat 040 $aPUL$bita 082 04$a230.2 100 0 $aBenedictus PP.$bXVI,$d1927-2022.$0(OLS)http://pul/name/14991 245 10$aPredigten :$bHomilien - Ansprachen - Meditationen / $cJoseph Ratzinger. 260 $aFreiburg im Breisgau :$bHerder & Co.,$cİ2019. 300 $a3 v. :$britr. ;$c22 cm 490 1 $aGesammelte Schriften ;$v14/3 650 4$aTempo (Teologia).$0(OLS)http://pul/subject/12151 800 0 $aBenedictus PP.$bXVI,$d1927-2022.$tGesammelte Schriften ;$v14/3.$0(OLS)http://pul/nameTitle/840$0(OLS)http://pul/name/14991$0(OLS)http://pul/title/80018 850 $aPUL 852 $aPUL$W1$xSL Religione 3$y85$m230. 2 BENED16 1.14.3$j199963$qDDC 21$B204745$CPULBib$Z2$F204745 $H136112 $82 900 $aRatzinger, Joseph,$ccard.,$d1927-2022$914991 900 $aBenedetto XVI,$cpapa,$d1927-$914991 900 $aRatzinger, Joseph,$ccard.,$d1927-2022$914991 900 $aBenedetto XVI,$cpapa,$d1927-$914991 910 $aPapi (2005-2013 : Benedictus PP. XVI)$914991 910 $aPapi (2005-2013 : Benedictus PP. XVI)$914991 910 $aPapi (2005-2013 : Benedictus PP. XVI)$914991 910 $aPapi (2005-2013 : Benedictus PP. XVI)$914991 941 1 $a9 996 $6020$a978-3-451-38814-9 (v. 3)*$9(OLS)http://pul/number/169067 996 $6082$a230.2$9(OLS)http://pul/classification/486 996 $6245$aPredigten :$bHomilien - Ansprachen - Meditationen / $9(OLS)http://pul/title/217261 996 $6260$aFreiburg im Breisgau :$bHerder & Co.$9(OLS)http://pul/publisher/51627